[Event "GER-chT U14 Girls"]
[Site "Dittrichshuette"]
[Date "2005.12.28"]
[Round "3.3"]
[White "Zacherl, Viktoria"]
[Black "Stoll, Vanessa"]
[Result "0-1"]
[WhiteElo "860"]
[BlackElo "882"]
[PlyCount "76"]
[EventDate "2005.12.27"]
[EventType "team-swiss"]
[EventRounds "6"]
[EventCountry "GER"]
[SourceTitle "CBM 110 Extra"]
[Source "ChessBase"]
[SourceDate "2006.03.10"]
[SourceVersion "2"]
[SourceVersionDate "2006.03.10"]
[SourceQuality "1"]
[WhiteTeam "Vaterstetten SC U14 Girls"]
[BlackTeam "Stadtilm Blau Weiss U14 Girls II"]
[WhiteTeamCountry "GER"]
[BlackTeamCountry "GER"]

1. e4 e5 2. Nf3 Nc6 3. Bc4 Nf6 4. Nc3 Bc5 5. 0-0 0-0 6. d3 h6 7. Re1 d6 8. h3 a6 9. Be3 Bxe3 10. Rxe3 Nd4 11. Nxd4 exd4 12. Rg3 dxc3 13. bxc3 b5 14. Bb3 c6 15. Ba4 bxa4 16. Qd2 Rb8 17. c4 Kh8 18. Re1 Re8 19. Qc3 Nh5 20. Rf3 Rb7 21. g4 Nf6 22. Rg3 Re5 23. h4 Bxg4 24. f4 Qb6+ 25. Kf1 Re8 26. e5 dxe5 27. fxe5 c5 28. exf6 Rxe1+ 29. Kxe1 Qb1+ 30. Kf2 h5 31. fxg7+ Kg8 32. Qf6 Qxc2+ 33. Ke3 Qe2+ 34. Kf4 Qf2+ 35. Kg5 Qd2+ 36. Qf4 f6+ 37. Kxf6 Qxf4+ 38. Kg6 Rxg7# 0-1